000 00653nam a2200277Ia 4500
005 20260324130906.0
008 008 260324s9999 xx 000 0 eng d
020 _a9780429144592
037 _aEBOOK
040 _aCRL
040 _beng
040 _cCRL
041 _2eng
041 _aeng
084 _qCRL
100 _aEndrik Krugel
_91183446
245 3 _aAn Introduction to the Physics of Interstellar Dust
260 _bTaylor and Francis
260 _c2007
365 _a
365 _b385
856 _uhttp://www.taylorfrancis.com/books/9780429144592
942 _cEBOOK
999 _c1780114
_d1780114